[Event "Centralserbian-chT 2020"]
[Site "Bajina basta"]
[Date "2020.10.13"]
[Round "6.13"]
[White "Dimitrov, Radoslav"]
[Black "Brenjo, Slavisa"]
[Result "0-1"]
[WhiteElo "2507"]
[BlackElo "2412"]
[Annotator "TA"]
[PlyCount "146"]
[EventDate "2020.10.10"]
[EventType "team-tourn"]
[EventCountry "SRB"]
[SourceTitle "playchess.com"]
[Source "ChessBase"]
[SourceQuality "1"]

{[%evp 9,146,-18,0,0,0,0,0,-7,9,9,9,9,8,10,14,-56,-47,-85,-74,-153,-127,-366,-220,-258,-247,-224,-239,-356,-372,-365,-364,-515,-477,-483,-383,-380,-371,-527,-527,-518,-507,-565,-566,-560,-555,-577,-502,-494,-489,-649,-563,-706,-661,-896,-484,-483,-472,-487,-483,-522,-527,-667,-664,-626,-637,-639,-590,-695,-657,-671,-637,-570,-407,-608,-437,-425,-291,-288,-270,-250,-242,-257,-243,-243,-243,-243,-193,-216,0,-248,-241,-261,-224,-218,-216,-241,-244,-236,-229,-242,-237,-413,-419,-410,-426,-518,-577,-498,-502,-640,-624,-579,-446,-4702,-12245,-5210,-4666,-29969,-29970,-29967,-29969,-29970,-29969,-29972,-29973,-29971,-29952,-29983,-29982,-29983,-29982,-29983,-29981,-29981,-29981,-29988,-29983,-29983,-29984]} 1. b3 e5 2. Bb2 Nc6 3. e3 d5 4. Bb5 f6 5. c4 {[#]} Nge7 $146 ({Predecessor:} 5... a6 6. Ba4 b5 7. cxb5 Nb4 8. b6+ Kf7 9. b7 Bxb7 10. d3 e4 11. dxe4 dxe4 12. Bc3 Qd3 13. Qxd3 exd3 {½-½ (77) Calugar,A (2312)-Holt,C (2496) Dallas 2012}) 6. d4 {A01: Nimzowitsch-Larsen Opening.} exd4 7. exd4 a6 8. Ba4 {The position is equal.} Nf5 9. Ne2 dxc4 10. bxc4 Bb4+ 11. Nbc3 O-O {[%cal Rf5d4]} 12. a3 ({Better is} 12. O-O $1 $11) 12... Ba5 $36 {[%cal Rf5d4][%mdl 2048] White is under pressure.} 13. d5 Ne5 14. Bb3 (14. c5 $142) 14... c5 15. Nf4 $2 (15. Ra2 $17 {was worth a try.}) 15... Nd6 16. Ne6 Bxe6 $1 17. dxe6 Ne4 $1 ({But not} 17... Ndxc4 18. O-O $17) 18. Qc2 (18. e7 {was the only defense.} Qxe7 19. O-O Bxc3 20. Bxc3) 18... Nxc3 $19 19. Bxc3 Qd4 $1 {[%mdl 64] [#] Double Attack} 20. Bxa5 (20. O-O {keeps fighting.} Qxc3 21. Rac1 Qxc2 22. Bxc2) 20... Qxa1+ {[%mdl 64] Double Attack} 21. Qd1 Qxd1+ 22. Kxd1 Rfe8 23. f4 (23. Bc7 {is a better defense.}) 23... Nc6 24. Bb6 Nd4 25. Ba4 Rxe6 26. Bxc5 Rd8 {[#] aiming for ...Nb3+.} 27. Kc1 b5 28. Bd1 bxc4 29. Kb2 Ne2 30. g3 Rd2+ 31. Bc2 Rc6 32. Be3 Rd8 33. Re1 c3+ 34. Ka2 Nd4 35. Rd1 Rb6 {( -> ...Rb2+)} ({Weaker is} 35... Nxc2 36. Rxd8+ Kf7 37. Bc1 $17) 36. Bc1 Rdd6 37. Bd3 Kf8 38. Bc4 Rbc6 39. Bf1 c2 40. Rd3 Nb5 41. a4 (41. Kb2 $142 Nd4 42. Rc3) 41... Nc3+ 42. Kb3 Ne4 43. Rxd6 Rxd6 44. Kxc2 {[%mdl 4096] Endgame With the idea Ba3. KRN-KB} Rc6+ 45. Kb2 Nc5 46. a5 Na4+ 47. Kb1 Nc3+ 48. Kb2 Na4+ 49. Kb1 Ke7 50. Bg2 Rc3 51. Bd2 Rb3+ 52. Kc1 Kd6 53. Be4 Kc5 54. Bxh7 Kd4 55. Bf5 $2 (55. Be1 Ra3 56. Bf2+ Kc4 57. Bg6) 55... Nc5 56. Kc2 Ra3 57. Kd1 Ra1+ 58. Ke2 Ra2 {...Nb3 is the strong threat.} 59. Ke1 Ne4 60. Bb4 Ke3 {[%cal Ra2a1]} 61. Kf1 (61. Kd1 $142) 61... Kf3 62. Bxe4+ Kxe4 {KR-KB} 63. h4 Kf3 {Black mates.} 64. Ke1 Kxg3 65. Bf8 Kxh4 66. Bxg7 f5 67. Bc3 Kg4 68. Bd2 Kf3 69. Kd1 Ke4 70. Kc1 Kd3 71. Bb4 Ra4 72. Bd2 Ra1+ 73. Kb2 Kxd2 {Av CentiPawn Loss W=38/B=76. Weighted=-1/158} 0-1

[Event "Centralserbian-chT 2020"]
[Site "Bajina basta"]
[Date "2020.10.13"]
[Round "6.15"]
[White "Savic, Miodrag R"]
[Black "Vratonjic, Slobo"]
[Result "1/2-1/2"]
[WhiteElo "2433"]
[BlackElo "2341"]
[Annotator "TA"]
[PlyCount "36"]
[EventDate "2020.10.10"]
[EventType "team-tourn"]
[EventCountry "SRB"]
[SourceTitle "playchess.com"]
[Source "ChessBase"]
[SourceQuality "1"]

{[%evp 14,36,57,41,60,70,27,34,29,29,28,-19,12,-18,-23,-13,-16,-119,-134,-133,35,-62,0,-759,46]} 1. e4 c5 2. c3 d6 3. d4 Nf6 4. Bd3 g6 5. Nf3 Bg7 6. O-O O-O 7. Re1 a6 8. h3 Qc7 {B07: Pirc Defence: Miscellaneous Systems.} 9. e5 {[#]} Nfd7 $146 {[%cal Rd6e5]} ({Predecessor:} 9... Nd5 10. a3 dxe5 11. dxe5 Rd8 12. Qe2 Nc6 13. Bc2 b5 14. Bg5 Be6 15. Nbd2 Nb6 16. Bf4 {0-1 (52) Paehtz,E (2457)-Dembo,Y (2468) Beijing 2011}) 10. e6 fxe6 {White is slightly better.} 11. Ng5 Nf6 $1 12. Qe2 ({Of course not} 12. Nxe6 Bxe6 13. Rxe6 cxd4 $15) 12... Kh8 13. Nxe6 Bxe6 14. Qxe6 cxd4 15. Qxe7 {[#]} (15. cxd4 $11 Nc6 16. Be3) 15... Nbd7 $1 $17 16. Qe2 Nb8 $2 (16... Rae8 $17 17. Qd1 Rxe1+ 18. Qxe1 Nd5) 17. Qe7 ({White should play} 17. cxd4 $14 Nc6 18. Be3) 17... Nbd7 ({Better is} 17... Qb6 $1 $15 18. Na3 Nc6) 18. Qe6 $2 {[%mdl 8192]} (18. Qe2 $11) 18... Nb8 $2 {Av CentiPawn Loss W=-100/B=-92. Weighted=-234/-125} ({Black should try} 18... Rae8 $19 19. Qxe8 Nxe8) 1/2-1/2

[Event "Centralserbian-chT 2020"]
[Site "Bajina basta"]
[Date "2020.10.13"]
[Round "6.16"]
[White "Simonovic, Aleksandar"]
[Black "Todorovic, Goran M"]
[Result "1/2-1/2"]
[WhiteElo "2375"]
[BlackElo "2404"]
[Annotator "TA"]
[PlyCount "14"]
[EventDate "2020.10.10"]
[EventType "team-tourn"]
[EventCountry "SRB"]
[SourceTitle "playchess.com"]
[Source "ChessBase"]
[SourceQuality "1"]

{[%evp 9,14,14,35,28,10,8,23]} 1. c4 e6 2. Nc3 d5 3. d4 c6 4. e4 Bb4 5. e5 Ne7 6. Nf3 {D31: Queen's Gambit Declined: Semi-Slav without ...Nf6 (+ Marshall Gambit and Noteboom) and Exchange Variation lines without ...Nf6.} c5 7. cxd5 {[#]} Qxd5 $146 {Not much happened in this game.} ({Predecessor:} 7... Nxd5 8. Bd2 cxd4 9. Nxd5 Bxd2+ 10. Qxd2 Qxd5 11. Qxd4 Qxd4 12. Nxd4 Bd7 13. Nb5 Bxb5 14. Bxb5+ {½-½ (39) Batchelor,P (2129)-Baburin,A (2503) England 2014}) 1/2-1/2

[Event "Centralserbian-chT 2020"]
[Site "Bajina basta"]
[Date "2020.10.14"]
[Round "7.2"]
[White "Perunovic, Miodrag"]
[Black "Maksimovic, Bojan"]
[Result "0-1"]
[WhiteElo "2440"]
[BlackElo "2398"]
[Annotator "TA"]
[PlyCount "166"]
[EventDate "2020.10.10"]
[EventType "team-tourn"]
[EventCountry "SRB"]
[SourceTitle "playchess.com"]
[Source "ChessBase"]
[SourceQuality "1"]

{[%evp 18,166,66,48,70,74,46,55,77,67,60,66,81,66,76,40,104,73,91,71,60,-18,-14,-16,-12,-45,-29,-60,-46,-44,-21,-21,-21,-35,-35,-47,-21,-21,-26,-75,-52,-49,-56,-57,-57,-91,0,-110,-104,-177,-181,-204,-208,-203,-162,-229,-234,-240,-241,-525,-515,-467,-514,-486,-489,-641,-626,-580,-387,-402,-399,-389,-379,-439,-396,-554,-329,-543,-468,-487,-480,-431,-445,-426,0,-348,-301,-284,-242,-285,-236,-239,-222,-262,-291,-322,-258,-258,-256,-287,-295,-278,-245,-237,-191,-190,-185,-196,-186,-177,-151,-195,-178,-291,-282,-257,-229,-240,-235,-248,-242,-243,0,-220,0,-225,-212,-290,-280,-29977,-29978,-29978,-29978,-29978,-29979,-29979,-29980,-29980,-29981,-29986,-29985,-29985,-29982,-29983,-29983,-29983,-29984,-29984,-29985,-29984,-29978]} 1. e4 c5 2. Nc3 Nc6 3. Bb5 g6 4. Bxc6 bxc6 5. d3 Bg7 6. f4 d6 7. Nf3 f5 8. e5 Nh6 9. O-O O-O 10. Kh1 Qc7 {B23: Closed Sicilian: Lines without g3.} 11. Qe2 Nf7 12. Re1 Nd8 {White is slightly better.} 13. Na4 Ne6 {[#]} 14. Qf2 $146 ({Predecessor:} 14. c3 Bd7 15. b3 Rae8 16. Bd2 Bh6 17. g3 c4 18. d4 Qb7 19. Qxc4 c5 20. Re3 cxd4 21. cxd4 {0-1 (43) Karttunen,M (2472)-Roganovic,M (2527) Batumi 2018}) 14... Bd7 15. Bd2 Rae8 16. Re2 a5 ({Better is} 16... Qb7 $14) 17. Rae1 Qa7 18. Qh4 Nd4 19. Nxd4 (19. c4 $14) 19... cxd4 $11 20. b3 c5 21. Nb2 a4 22. Nd1 axb3 23. axb3 Bc6 24. Nf2 Qb7 25. Nh3 {White wants to play Ng5.} h6 26. Kg1 Qd7 $36 {[%mdl 2048] Black has the initiative.} 27. Qg3 Kh7 28. b4 e6 29. exd6 Qxd6 30. bxc5 Qxc5 31. Qh4 {[#] Ng5+ is the strong threat.} ({But not} 31. Rxe6 Rxe6 32. Rxe6 Rf6 $17) 31... Bd5 ({Stronger than} 31... Qxc2 32. Bb4 $16) ({Black should play} 31... Bf6 $1 $17 {[%cal Rf6h4]} 32. Qf2 Qd6) 32. Rc1 (32. Ng5+ $11 Kg8 33. Nxe6 Bxe6 34. Rxe6 Rxe6 35. Rxe6) 32... Bf6 $17 33. Qe1 (33. Qf2 $17) 33... Rb8 $19 34. Nf2 Rfc8 35. Nd1 Rc6 36. Kf1 (36. Kh1 $142) 36... Qd6 37. Qf2 Rbc8 38. Be1 $2 (38. Ra1 {is a better defense.}) 38... Qa3 39. Rb1 {[#]} Rxc2 $1 {[%mdl 512]} 40. Rd2 (40. Rxc2 Qxd3+) 40... Rc1 41. Rb6 Qc5 42. Ra6 Qb5 43. Ra7+ R8c7 44. Rxc7+ Rxc7 45. Qe2 Rc1 46. Nb2 Qb3 47. Nd1 $2 (47. Rd1 Rc7 48. h4) 47... Qb7 48. Nb2 Qc6 49. Rd1 Rc2 50. Rd2 Rc1 51. Rd1 $1 Rxd1 52. Nxd1 Qc7 53. Qd2 Be7 54. Bf2 Bd6 55. Bxd4 Bxf4 {[%mdl 64] Double Attack} 56. Be3 Bxe3 57. Nxe3 Qxh2 58. Qb4 Qc7 59. Qd4 Qg7 60. Qc5 Qa1+ 61. Kf2 Qb2+ 62. Kg1 Qb1+ 63. Kh2 Qb8+ 64. Kg1 Qb7 65. Kh2 (65. Nxd5 $142 exd5 66. Kf2) 65... g5 66. Qf8 Qc7+ 67. Kg1 Qa7 68. Kh2 Qg7 69. Qd6 Qb7 70. Qf8 $1 Qc7+ 71. Kg1 $1 Qg7 72. Qd6 {[#]} Qa7 $1 {And now ...f4 would win.} 73. Kh2 $2 (73. Kh1 $19) 73... Qxe3 {Black mates.} 74. Qe7+ Kg6 75. Qe8+ {[#]} Kf6 $1 76. Qh8+ Ke7 77. Qg7+ Kd6 78. d4 Qf4+ 79. Kg1 Qc1+ 80. Kh2 Qc7 81. Qf8+ Kd7+ 82. Kg1 Qc1+ 83. Kh2 Qf4+ {[%mdl 64] Double Attack. Av CentiPawn Loss W=-48/B=-18. Weighted=-81/-17} 0-1

[Event "Centralserbian-chT 2020"]
[Site "Bajina basta"]
[Date "2020.10.14"]
[Round "7.4"]
[White "Radovanovic, Dusan"]
[Black "Ivanovic, Marko"]
[Result "1-0"]
[WhiteElo "2326"]
[BlackElo "2277"]
[Annotator "TA"]
[PlyCount "135"]
[EventDate "2020.10.10"]
[EventType "team-tourn"]
[EventCountry "SRB"]
[SourceTitle "playchess.com"]
[Source "ChessBase"]
[SourceQuality "1"]

{[%evp 9,135,54,49,56,58,30,59,60,66,55,65,63,55,55,66,45,56,32,77,75,71,36,70,65,112,50,43,30,36,32,44,41,37,35,55,35,97,74,168,153,206,205,204,220,194,85,88,74,150,-154,-152,-141,-124,-124,-126,-133,-139,-138,-137,-150,-128,-143,-152,-130,-130,-131,-137,-121,-128,-275,-160,-153,-106,-183,-168,-323,-331,-312,-208,-226,-226,-200,-190,-175,0,-43,-42,-35,-35,-134,-130,-170,-175,-166,-180,-174,-162,-141,-10,-12,-12,-8,0,0,0,0,0,0,0,-29940,-29938,-11463,-5185,-5106,-5099,-5021,-4685,-4670,-4652,-2095,0,0,0,0,29984,29985,29985,29986]} 1. e4 e5 2. Nf3 Nc6 3. Bc4 g6 4. d4 exd4 5. Nxd4 Bg7 6. Nxc6 {C45: Scotch Game.} bxc6 7. Nc3 Ne7 8. Be3 {White is slightly better.} d6 9. Bd4 O-O 10. Bxg7 Kxg7 11. Qd4+ Kg8 12. O-O Be6 13. Rad1 Rb8 {[#]} 14. Bxe6 $146 ({Predecessor:} 14. b3 Rb4 15. a3 c5 16. Qd3 Bxc4 17. bxc4 Rb8 18. e5 Nf5 19. exd6 Qxd6 20. Qxd6 Nxd6 21. Rd5 Nxc4 22. Rxc5 Nxa3 {½-½ (30) Ahmed,M (2035)-Mohammad,M (2322) Dhaka 2019}) 14... fxe6 15. b4 g5 16. Qc4 Qd7 17. Na4 (17. Ne2 $16) 17... Ng6 $14 18. Nc5 Qf7 19. Nd3 Nf4 20. Nxf4 gxf4 21. a3 f3 {Hoping for ...fxg2.} 22. g3 Rb5 ({Black should try} 22... a5 $14) 23. Rfe1 (23. Qxc6 Rh5 $17) 23... Qg6 (23... Re5 $16) 24. e5 ({And not} 24. Qxc6 Rh5 $15) 24... d5 (24... Rd5 $16) 25. Qxc6 $18 Rb6 26. Qc3 Qg4 {aiming for ...Qh3.} 27. Qd3 (27. Kh1 $1 $18 {is more deadly.}) 27... Rc6 $16 28. Re3 Rf5 (28... Rc4 $142) 29. h3 $2 (29. c3 $1 $16 {and life is bright.}) 29... Qxh3 $17 {[%csl Gf3][%cal Rh3g2]} 30. Qf1 Qh6 31. Rd4 Rh5 $1 $40 {[%csl Gh6][%cal Rh5h1][%mdl 128] Black goes for the king.} ({But not} 31... Rxc2 32. Rg4+ Kh8 33. Rh4 $15) 32. Rh4 ({Not} 32. Rg4+ $2 Kh8 $19) 32... Rxh4 33. gxh4 Rxc2 {[%mdl 4096] Endgame ( -> ...Qg6+). KQR-KQR} 34. Qh3 Qg6+ 35. Qg3 Qxg3+ 36. fxg3 {KR-KR} Rg2+ 37. Kf1 Rxg3 38. Rc3 Rg7 39. Rc6 (39. Kf2 $17) 39... Re7 (39... d4 $19 40. Rc1 Rd7) 40. Kf2 Kf7 41. Kxf3 (41. h5 $17) 41... Kg6 $19 42. b5 $2 (42. Ra6 {was called for.}) 42... Kf5 43. Ra6 Kxe5 44. Rxa7 {White wants to play b6!} Kd6 $1 45. a4 Kc5 46. Rb7 Kd6 $2 ({Black should play} 46... Rf7+ $1 $19 47. Ke3 Kd6) 47. a5 Rf7+ 48. Ke3 Rf1 49. a6 (49. h5 $15) 49... Ra1 $17 50. Kd3 e5 51. Rb8 Kc5 52. Rb7 Ra3+ 53. Kc2 e4 (53... Kd6 $17 {...e4 is the strong threat.} 54. Kb2 Ra5) 54. Rxc7+ Kxb5 55. a7 d4 56. Rxh7 e3 {And now ...d3+ would win.} 57. Rd7 Kc4 58. Rc7+ Kd5 59. h5 $2 {[%mdl 8192]} (59. Rd7+ $11 Ke4 60. h5) 59... d3+ 60. Kb2 {[#]} Ra6 (60... Rxa7 $142 $1 {[%mdl 512]} 61. Rxa7 e2 62. Rd7+ Kc4) 61. Rd7+ $19 Kc4 62. Rc7+ Kb5 63. Rb7+ Kc5 64. Rc7+ Kb6 $2 (64... Kd6 $19 65. Rc3 d2 66. Rd3+ Kc7) 65. Re7 $11 {Strongly threatening Re6+.} d2 (65... e2 $5 66. Kc3 $8 Rxa7 67. Re6+ Kc5 68. Kxd3 Rh7 $11) 66. Re6+ Kxa7 $2 {[%mdl 8192] [#]} (66... Kb5 $11 67. Rxa6 d1=Q) 67. Rxa6+ $1 Kxa6 68. Kc2 {What a bad dream for Black. Av CentiPawn Loss W=307/B=-71. Weighted=110/-55} 1-0

[Event "Centralserbian-chT 2020"]
[Site "Bajina basta"]
[Date "2020.10.14"]
[Round "7.5"]
[White "Djordjevic, Nebojsa"]
[Black "Radivojevic, Ivan"]
[Result "1/2-1/2"]
[WhiteElo "2255"]
[BlackElo "2365"]
[Annotator "TA"]
[PlyCount "37"]
[EventDate "2020.10.10"]
[EventType "team-tourn"]
[EventCountry "SRB"]
[SourceTitle "playchess.com"]
[Source "ChessBase"]
[SourceQuality "1"]

{[%evp 9,37,9,11,8,12,7,30,18,26,8,15,0,0,0,23,36,41,37,23,18,20,22,22,23,31,14,25,24,17,22]} 1. d4 Nf6 2. c4 e6 3. Nf3 Bb4+ 4. Bd2 Qe7 5. e3 O-O 6. Be2 {E11: Bogo-Indian.} Bxd2+ 7. Qxd2 d6 8. O-O {White has an edge.} e5 9. dxe5 dxe5 10. Nc3 {[%cal Bb1c3,Bc3e2,Be2g3,Bg3e4,Be4f6][%mdl 32]} Rd8 11. Qc2 {[#]} c6 $146 ({Predecessor:} 11... Nc6 12. Rfd1 Bg4 13. a3 e4 14. Nd2 Bxe2 15. Nxe2 Qe5 16. Nc3 Re8 17. Nf1 Re6 {1-0 (46) Coenen,M (2294)-Noiroux,K (2213) Belgium 2014}) 12. Rfd1 Re8 13. a3 Bg4 14. Nd2 Bxe2 15. Nxe2 Nbd7 16. Ng3 Red8 17. Nde4 Nxe4 18. Nxe4 Nf6 19. Nxf6+ {Av CentiPawn Loss W=-4/B=-5. Weighted=-3/-5} 1/2-1/2

[Event "Centralserbian-chT 2020"]
[Site "Bajina basta"]
[Date "2020.10.14"]
[Round "7.6"]
[White "Marcetic, Nikola"]
[Black "Maksimovic, Boban"]
[Result "1/2-1/2"]
[WhiteElo "2329"]
[BlackElo "2216"]
[Annotator "TA"]
[PlyCount "24"]
[EventDate "2020.10.10"]
[EventType "team-tourn"]
[EventCountry "SRB"]
[SourceTitle "playchess.com"]
[Source "ChessBase"]
[SourceQuality "1"]

{[%evp 13,24,0,18,0,0,-7,-6,-7,-8,-8,23,0,-1]} 1. d4 Nf6 2. Bg5 e6 3. e3 Be7 4. Bd3 b6 5. Nf3 Bb7 6. O-O d6 7. Nbd2 Nbd7 8. Re1 {A47: 1 d4 Nf6 2 Nf3 b6: Torre, London and Colle Systems.} h6 9. Bxf6 $1 Bxf6 10. c3 O-O 11. e4 e5 {[#]} 12. dxe5 $146 ({Predecessor:} 12. Nc4 g6 13. a4 a6 14. b4 Bg7 15. Qb3 Kh8 16. Rad1 Qe7 17. dxe5 dxe5 18. Ne3 Nf6 19. Nd2 {½-½ (96) Managadze,N (2440)-Schmaltz,R (2528) Athens 2004}) 12... dxe5 {Not much happened in this game.} 1/2-1/2

[Event "Centralserbian-chT 2020"]
[Site "Bajina basta"]
[Date "2020.10.14"]
[Round "7.7"]
[White "Celik, Hasan Huseyin"]
[Black "Ristic, Nebojsa B"]
[Result "1/2-1/2"]
[WhiteElo "1970"]
[BlackElo "2312"]
[Annotator "TA"]
[PlyCount "109"]
[EventDate "2020.10.10"]
[EventType "team-tourn"]
[EventCountry "SRB"]
[SourceTitle "playchess.com"]
[Source "ChessBase"]
[SourceQuality "1"]

{[%evp 9,109,40,70,42,43,44,57,58,77,56,84,57,65,67,69,54,50,50,111,50,48,44,50,5,44,47,40,44,43,25,45,57,64,-148,-157,-95,0,0,0,-26,129,56,114,110,111,111,131,18,17,46,72,0,0,0,558,38,1136,1128,1112,1088,1000,639,612,607,551,291,235,204,760,730,1018,490,490,490,483,299,299,299,299,291,291,291,294,291,291,291,291,291,291,291,291,291,291,291,291,291,291,284,291,0,270,0]} 1. e4 d6 2. d4 g6 3. Nc3 Bg7 4. Be3 a6 5. h4 h6 6. a4 {B06: Modern Defence.} Nf6 7. f3 Nc6 8. Qd2 {[#] White is slightly better.} b6 $146 ({Predecessor:} 8... e5 9. d5 Ne7 10. Rd1 Nh5 11. g4 Ng3 12. Rh2 Nxf1 13. Kxf1 f5 14. gxf5 gxf5 {1-0 (41) Kleijn,C (2435)-Roobol,M (2264) Netherlands 2017}) 9. Nge2 Bb7 10. g4 e6 11. Ng3 Ne7 12. Be2 d5 13. O-O-O Nd7 (13... c5 $14) 14. Rhf1 (14. Kb1 $16) 14... c5 $14 15. f4 Qc7 $1 16. Kb1 O-O-O 17. exd5 Nxd5 18. Nxd5 exd5 19. a5 c4 20. axb6 Nxb6 21. Rde1 $2 (21. f5 $14 {stays ahead.}) 21... Na4 $1 $17 22. c3 Rhe8 (22... Rd6 $1 $17 {[%cal Rd6b6]} 23. Rc1 Rb6) 23. Bd1 Bc6 24. h5 Qb8 $2 (24... Bf8 $11) 25. Qc2 (25. hxg6 $16 {Strongly threatening Nh5.} fxg6 26. Nh1) 25... Re7 (25... Bf8 $14) 26. Bc1 $1 $16 (26. hxg6 $2 Nxb2 $1 {[%mdl 512]} 27. Qxb2 Rb7 $19) 26... Rb7 {Threatens to win with ...Bf8.} 27. hxg6 fxg6 28. Re6 (28. Qxg6 Nxc3+ 29. Kc2 Ba4+ 30. Kxc3 Rb3+ 31. Kd2 Qb4+ 32. Ke2 Re8+ 33. Qxe8+ (33. Kf2 Bxd4+ {[%mdl 64] Double Attack} 34. Kg2 Rxg3+ 35. Kxg3 Rxe1 $19) 33... Bxe8 $17) (28. Re3 $1 $16) 28... Rd6 $11 29. Rfe1 $36 {[%mdl 2048] And now Re8+! would win. White fights for an advantage.} Rb3 {Hoping for ...Nxc3+.} 30. Qxg6 (30. Rxg6 $2 Nxc3+ 31. Qxc3 (31. Ka1 $2 Qb4 $19) 31... Rxc3 $19) (30. Ka1 $1 $16 {Qxg6 is the strong threat.} Qc7 31. Rxd6 (31. Rxg6 $2 Qa5 $19) 31... Qxd6 32. Qd2) 30... Nxc3+ 31. Kc2 $1 {[#]} (31. Ka1 $2 Qb4 $3 $19 {[%mdl 512]}) 31... Nxd1 $4 {[%mdl 8192] [#]} (31... Rxb2+ $1 $11 {[%mdl 512] and Black is okay.} 32. Bxb2 Qb3+ 33. Kd2 (33. Kc1 Na2+ {[%mdl 64] Discovered Attack} 34. Kb1 Nc3+ {[%mdl 64] Double Attack} 35. Kc1 Na2+ {[%mdl 64] Discovered Attack} 36. Kb1 Nc3+ {[%mdl 64] Double Attack} 37. Kc1 $11) 33... Qxb2+ 34. Bc2 Qb4 $1 {[%mdl 512]}) 32. Kxd1 $2 (32. Rxd6 {is a self mate.} Rxb2+ 33. Bxb2 Qxb2+ 34. Kxd1 Ba4+ 35. Qc2 Qxc2#) (32. Re8+ $1 $18 {[%mdl 512]} Bxe8 33. Rxe8+ Rd8 34. Qe6+ Kb7 35. Re7+ {[%mdl 64] Double Attack} Qc7 36. Nf5) 32... Rxg3 $4 {[%mdl 8192] [#]} (32... Rxe6 $14 33. Rxe6 (33. Qxe6+ Bd7 $11) 33... Ba4) 33. Re8+ $1 $18 {[%mdl 576] Skewer} Bxe8 34. Rxe8+ Rd8 35. Qe6+ Kb7 36. Re7+ {[%mdl 64] Double Attack} Qc7 37. Rxc7+ Kxc7 38. f5 Rd3+ $2 (38... Rxg4 39. f6 Rxd4+ 40. Bd2 Rxd2+ 41. Kxd2 Bf8 42. Qxa6 Bd6 43. Qa5+ Kc8) 39. Kc2 Rf3 40. Bd2 (40. Qe2 $142) 40... Rf2 41. Qe3 ({Less strong is} 41. Kd1 Rxd2+ 42. Kxd2 Bxd4 $18) 41... Rg2 42. Qf3 Rxd2+ 43. Kxd2 {[%mdl 4096] Endgame KQ-KRB} Rd6 44. Qe3 Kd7 45. Kc2 Rb6 46. Qd2 Rd6 47. Qf4 Rb6 48. Qf3 Rd6 49. Kc3 Bf6 50. Qh1 Ke7 51. Qh2 Kd7 52. Qf4 Bg5 53. Qe5 Bf6 54. Qf4 Bg5 $1 {[%cal Rg5f4]} 55. Qe5 $2 {Av CentiPawn Loss W=-57/B=-60. Weighted=-33/-88} (55. Qf1 $18) 1/2-1/2

[Event "Centralserbian-chT 2020"]
[Site "Bajina basta"]
[Date "2020.10.14"]
[Round "7.9"]
[White "Marinkovic, Ivan"]
[Black "Djordjevic, Miroslav"]
[Result "1-0"]
[WhiteElo "2451"]
[BlackElo "1885"]
[Annotator "TA"]
[PlyCount "97"]
[EventDate "2020.10.10"]
[EventType "team-tourn"]
[EventCountry "SRB"]
[SourceTitle "playchess.com"]
[Source "ChessBase"]
[SourceQuality "1"]

{[%evp 10,97,33,29,28,22,33,21,17,19,32,27,32,28,43,32,47,42,74,55,55,56,55,51,61,50,50,49,52,53,71,45,52,51,70,66,68,62,73,68,69,42,48,51,107,110,99,99,108,122,196,109,112,110,118,115,122,112,114,90,139,138,225,225,225,225,225,225,225,208,233,228,804,221,1406,1446,1633,1592,1571,1525,1194,1242,29968,29969,29969,29970,29984,29970,29968,29970]} 1. e4 c6 2. Nc3 d5 3. Nf3 dxe4 4. Nxe4 Nf6 5. Qe2 Nxe4 6. Qxe4 Nd7 {B11: Caro-Kann: Two Knights Variation.} 7. Bc4 {And now Ng5! would win.} Nf6 8. Ne5 {[%csl Ge5][%cal Rc4f7]} e6 {The position is equal.} 9. Qe2 Bd6 10. d4 O-O 11. O-O Nd5 {[#]} 12. Bb3 $146 ({Predecessor:} 12. f4 Qb6 13. c3 c5 14. Qe4 Nf6 15. Qe3 cxd4 16. cxd4 Nd5 17. Bxd5 exd5 18. b3 {0-1 (77) Dahl,C (2097)-Boos,M (2005) Playchess.com INT 2020}) 12... Qc7 13. c4 Bxe5 14. Qxe5 Qxe5 15. dxe5 Ne7 16. Rd1 b6 17. c5 Nd5 18. Be3 Rb8 19. Rac1 Bd7 20. Bd4 b5 21. Bc3 Rfc8 22. Ba5 Be8 23. g3 Rb7 24. Rd4 f5 25. exf6 (25. f3 {with more complications.} Bg6 26. Kf2 Rcb8 27. Rcd1 h6 28. a3) 25... gxf6 26. Re1 Re7 (26... Bf7 $14) 27. Bxd5 $16 {[%mdl 64] Remove Defender} cxd5 {[#]} 28. Rxd5 $1 {[%mdl 512]} exd5 29. Rxe7 {[%mdl 4096] Endgame KRB-KRB} Bf7 {[#]} (29... Bh5 $16 {was called for.}) 30. Bc3 (30. b4 $1 $18) 30... Rxc5 31. Bxf6 Rc6 32. Bc3 a6 33. a3 Rc4 34. Bf6 Rc6 35. Be5 Re6 (35... Rc4 $16 {might work better.} 36. f4 h5) 36. Rxe6 $18 Bxe6 {KB-KB} 37. f3 Kf7 {[#]} 38. g4 $1 Bd7 39. Kf2 Ke6 40. Bd4 Kf7 $2 (40... a5 41. f4 b4 42. axb4 axb4 43. f5+ Ke7) 41. Kg3 $2 (41. b4 Be8 42. Kg3) 41... Kg6 $2 (41... a5 42. f4 Kg6 43. f5+ Kf7) 42. b4 Kg5 43. f4+ Kg6 44. f5+ Kf7 45. Kf4 Bc8 46. g5 {White mates.} Bd7 47. h4 Bc8 48. h5 Bd7 49. g6+ {Av CentiPawn Loss W=-20/B=-68. Weighted=-36/-100} 1-0